| 000 | 00688nam a2200241 a 4500 | ||
|---|---|---|---|
| 001 | 64245 | ||
| 003 | BD-RjUL | ||
| 005 | 20211209081303.0 | ||
| 008 | 170212s1952 enk 001 0 eng d | ||
| 035 | _a(BD-RjUL)64375 | ||
| 035 | _a464747 | ||
| 040 |
_aANL _beng _cBD-RjUL _dANL |
||
| 041 | _aeng | ||
| 082 |
_223 _a938 _bBUH 1952 |
||
| 100 | 1 |
_aBury, J. B., _d1861-1927. _9190791 |
|
| 245 | 1 | 2 |
_aA history of Greece to the death of Alexander the Great / _cJ.B. Bury ; revised by Russell Meiggs. |
| 250 | _a3rd ed. | ||
| 260 |
_aLondon : _bMacmillan, _c1952. |
||
| 300 |
_axvii, 925 p. : _bill. ; _c18 cm. |
||
| 500 | _aIncludes index | ||
| 650 |
_aGreece. _9190792 |
||
| 942 |
_2ddc _cBK |
||
| 999 |
_c64245 _d64245 |
||